Speak out 3

Na minha lista:
Detalhes bibliográficos
Autor principal: Nunan, David
Formato: Livro
Idioma:Undetermined
Publicado em: Singapore Thomson Asia 1999
Assuntos:
Acesso em linha:http://lrc.tdmu.edu.vn/opac/search/detail.asp?aID=2&ID=7698
Tags: Adicionar Tag
Sem tags, seja o primeiro a adicionar uma tag!
Thư viện lưu trữ: Trung tâm Học liệu Trường Đại học Thủ Dầu Một
LEADER 00561nam a2200193Ia 4500
001 TDMU_7698
008 210410s9999 xx 000 0 und d
082 |a 428.3 
090 |b N512 
100 |a Nunan, David 
245 0 |a Speak out 3 
245 0 |c David Nunan 
260 |a Singapore 
260 |b Thomson Asia 
260 |c 1999 
300 |a 100 p. 
650 |a English language   |v Textbooks for foreign speakers 
856 |u http://lrc.tdmu.edu.vn/opac/search/detail.asp?aID=2&ID=7698 
980 |a Trung tâm Học liệu Trường Đại học Thủ Dầu Một